[Event "ABC 2024 Utrecht, Groep B"]
[Site "Utrecht"]
[Date "2024.03.09"]
[Round "4.1"]
[White "Winter, Sven"]
[Black "Kshirsagar, Pranav"]
[Result "0-1"]
[WhiteElo "1864"]
[BlackElo "1956"]

1. e4 {[%clk 00:55:18]} {[%emt 00:00:01]} c6 {[%clk 00:55:17]} {[%emt
00:00:04]} 2. c4 {[%clk 00:55:24]} {[%emt 00:00:03]} d5 {[%clk 00:55:21]}
{[%emt 00:00:07]} 3. cxd5 {[%clk 00:55:29]} {[%emt 00:00:05]} cxd5 {[%clk
00:55:25]} {[%emt 00:00:06]} 4. exd5 {[%clk 00:55:35]} {[%emt 00:00:03]} Nf6
{[%clk 00:55:23]} {[%emt 00:00:12]} 5. Nc3 {[%clk 00:55:41]} {[%emt 00:00:05]}
Nxd5 {[%clk 00:55:22]} {[%emt 00:00:10]} 6. Nf3 {[%clk 00:55:46]} {[%emt
00:00:05]} Nc6 {[%clk 00:54:40]} {[%emt 00:00:52]} 7. Bb5 {[%clk 00:55:32]}
{[%emt 00:00:24]} Nxc3 {[%clk 00:49:32]} {[%emt 00:05:19]} 8. bxc3 {[%clk
00:53:38]} {[%emt 00:02:03]} Bd7 {[%clk 00:49:23]} {[%emt 00:00:19]} 9. d4
{[%clk 00:51:39]} {[%emt 00:02:09]} a6 {[%clk 00:48:59]} {[%emt 00:00:35]} 10.
Bd3 {[%clk 00:47:02]} {[%emt 00:04:46]} g6 {[%clk 00:47:52]} {[%emt 00:01:17]}
11. h4 {[%clk 00:43:58]} {[%emt 00:03:14]} Qa5 {[%clk 00:43:40]} {[%emt
00:04:22]} 12. Bd2 {[%clk 00:41:35]} {[%emt 00:02:33]} Qh5 {[%clk 00:43:33]}
{[%emt 00:00:18]} 13. Ng5 {[%clk 00:35:25]} {[%emt 00:06:19]} Qxd1+ {[%clk
00:42:08]} {[%emt 00:01:35]} 14. Rxd1 {[%clk 00:35:28]} {[%emt 00:00:07]} h6
{[%clk 00:34:35]} {[%emt 00:07:44]} 15. Ne4 {[%clk 00:35:01]} {[%emt 00:00:35]}
O-O-O {[%clk 00:29:21]} {[%emt 00:05:25]} 16. Bf4 {[%clk 00:33:21]} {[%emt
00:01:49]} Bf5 {[%clk 00:26:44]} {[%emt 00:02:49]} 17. f3 {[%clk 00:31:31]}
{[%emt 00:01:59]} Bg7 {[%clk 00:24:21]} {[%emt 00:02:33]} 18. g4 {[%clk
00:29:03]} {[%emt 00:02:38]} Be6 {[%clk 00:24:08]} {[%emt 00:00:23]} 19. Nc5
{[%clk 00:25:58]} {[%emt 00:03:15]} Bd5 {[%clk 00:22:38]} {[%emt 00:01:41]} 20.
Rb1 {[%clk 00:21:22]} {[%emt 00:04:46]} Na5 {[%clk 00:17:36]} {[%emt 00:05:12]}
21. O-O {[%clk 00:16:43]} {[%emt 00:04:48]} Rhe8 {[%clk 00:13:19]} {[%emt
00:04:27]} 22. Rb4 {[%clk 00:13:07]} {[%emt 00:03:45]} e5 {[%clk 00:11:48]}
{[%emt 00:01:42]} 23. Bg3 {[%clk 00:11:11]} {[%emt 00:02:06]} Re7 {[%clk
00:10:27]} {[%emt 00:01:31]} 24. c4 {[%clk 00:08:36]} {[%emt 00:02:45]} Bc6
{[%clk 00:07:39]} {[%emt 00:02:59]} 25. d5 {[%clk 00:08:02]} {[%emt 00:00:43]}
Bxd5 {[%clk 00:07:42]} {[%emt 00:00:07]} 26. cxd5 {[%clk 00:07:17]} {[%emt
00:00:54]} Rxd5 {[%clk 00:07:51]} {[%emt 00:00:02]} 27. Bf2 {[%clk 00:05:16]}
{[%emt 00:02:10]} Rc7 {[%clk 00:07:51]} {[%emt 00:00:11]} 28. Be4 {[%clk
00:04:17]} {[%emt 00:01:08]} Rdxc5 {[%clk 00:07:25]} {[%emt 00:00:37]} 29. Bxc5
{[%clk 00:04:17]} {[%emt 00:00:10]} Rxc5 {[%emt 00:00:06]} 30. Rfb1 {[%clk
00:04:10]} {[%emt 00:00:16]} Rc7 {[%clk 00:07:02]} {[%emt 00:00:38]} 31. Ra4
{[%clk 00:04:10]} {[%emt 00:00:09]} Nc6 {[%clk 00:06:56]} {[%emt 00:00:18]} 32.
Rc4 {[%clk 00:03:48]} {[%emt 00:00:30]} Bf6 {[%clk 00:05:54]} {[%emt 00:01:13]}
33. Rbc1 {[%clk 00:03:19]} {[%emt 00:00:39]} Kd7 {[%clk 00:05:07]} {[%emt
00:00:57]} 34. Rd1+ {[%clk 00:03:14]} {[%emt 00:00:15]} Nd4 {[%clk 00:04:20]}
{[%emt 00:00:57]} 35. Rxc7+ {[%clk 00:02:57]} {[%emt 00:00:27]} Kxc7 {[%clk
00:04:29]} {[%emt 00:00:01]} 36. Rc1+ {[%clk 00:02:54]} {[%emt 00:00:12]} Kd7
{[%clk 00:02:04]} {[%emt 00:02:36]} 37. Kf1 {[%clk 00:02:08]} {[%emt 00:00:56]}
b6 {[%clk 00:01:25]} {[%emt 00:00:49]} 38. Bd5 {[%clk 00:01:21]} {[%emt
00:00:57]} Bxh4 {[%clk 00:01:09]} {[%emt 00:00:27]} 39. Bxf7 {[%clk 00:00:34]}
{[%emt 00:00:54]} Nxf3 {[%emt 00:00:36]} 40. Bxg6 {[%clk 00:00:22]} {[%emt
00:00:21]} Bg5 {[%clk 00:00:42]} {[%emt 00:00:15]} 41. Rd1+ {[%clk 00:00:23]}
{[%emt 00:00:08]} Kc7 {[%clk 00:00:45]} {[%emt 00:00:07]} 42. Ke2 {[%clk
00:00:13]} {[%emt 00:00:20]} Nd4+ {[%clk 00:00:35]} {[%emt 00:00:20]} 43. Kd3
{[%clk 00:00:19]} {[%emt 00:00:04]} Bf4 {[%clk 00:00:20]} {[%emt 00:00:26]} 44.
Ke4 {[%clk 00:00:17]} {[%emt 00:00:10]} Ne6 {[%clk 00:00:25]} {[%emt 00:00:06]}
45. Bf5 {[%clk 00:00:12]} {[%emt 00:00:15]} Nc5+ {[%clk 00:00:18]} {[%emt
00:00:18]} 46. Kd5 {[%clk 00:00:19]} {[%emt 00:00:02]} Na4 {[%clk 00:00:26]}
{[%emt 00:00:02]} 47. Rh1 {[%clk 00:00:13]} {[%emt 00:00:17]} Nc3+ {[%clk
00:00:31]} {[%emt 00:00:05]} 48. Kc4 {[%clk 00:00:20]} {[%emt 00:00:02]} Nxa2
{[%clk 00:00:25]} {[%emt 00:00:16]} 49. Bd3 {[%clk 00:00:13]} {[%emt 00:00:16]}
b5+ {[%clk 00:00:22]} {[%emt 00:00:15]} 50. Kb3 {[%clk 00:00:12]} {[%emt
00:00:10]} Nc1+ {[%clk 00:00:30]} {[%emt 00:00:02]} 51. Kc2 {[%clk 00:00:21]}
Nxd3 52. Kxd3 {[%clk 00:00:30]} Kb6 {[%clk 00:00:37]} {[%emt 00:00:04]} 53. Ke4
{[%clk 00:00:21]} {[%emt 00:00:17]} b4 {[%clk 00:00:34]} {[%emt 00:00:14]} 54.
Rd1 {[%clk 00:00:13]} {[%emt 00:00:18]} a5 {[%clk 00:00:30]} {[%emt 00:00:14]}
55. Rd6+ {[%clk 00:00:11]} {[%emt 00:00:13]} Kb5 {[%clk 00:00:37]} {[%emt
00:00:02]} 56. Rd5+ {[%clk 00:00:13]} {[%emt 00:00:07]} Ka4 {[%clk 00:00:47]}
57. Kd3 {[%clk 00:00:17]} {[%emt 00:00:06]} b3 {[%clk 00:00:13]} {[%emt
00:00:44]} 58. Kc3 {[%clk 00:00:12]} {[%emt 00:00:15]} Bc1 {[%clk 00:00:14]}
{[%emt 00:00:10]} 59. Rxe5 {[%clk 00:00:11]} {[%emt 00:00:10]} b2 {[%clk
00:00:23]} {[%emt 00:00:01]} 60. Kc2 {[%clk 00:00:20]} {[%emt 00:00:02]} Kb4
{[%clk 00:00:22]} {[%emt 00:00:11]} 61. Re4+ {[%clk 00:00:27]} {[%emt
00:00:02]} Ka3 {[%clk 00:00:22]} {[%emt 00:00:09]} 62. Kb1 {[%clk 00:00:30]}
{[%emt 00:00:08]} a4 {[%clk 00:00:28]} {[%emt 00:00:04]} 63. Re7 {[%clk
00:00:15]} {[%emt 00:00:25]} Bd2 {[%clk 00:00:22]} {[%emt 00:00:17]} 64. Rb7
{[%clk 00:00:15]} {[%emt 00:00:09]} Bb4 {[%clk 00:00:21]} {[%emt 00:00:11]} 65.
Rd7 {[%clk 00:00:12]} {[%emt 00:00:13]} Kb3 {[%clk 00:00:29]} {[%emt 00:00:02]}
66. Rd3+ {[%clk 00:00:21]} {[%emt 00:00:01]} Bc3 {[%clk 00:00:38]} 0-1

[Event "ABC 2024 Utrecht, Groep B"]
[Site "Utrecht"]
[Date "2024.03.09"]
[Round "4.2"]
[White "Guillaumond, Matthieu"]
[Black "Teianu, Maxim"]
[Result "1-0"]
[WhiteElo "1948"]
[BlackElo "1818"]

1. e4 {[%clk 00:55:18]} {[%emt 00:00:01]} e6 {[%clk 00:55:16]} {[%emt
00:00:04]} 2. d4 {[%clk 00:55:18]} {[%emt 00:00:11]} d5 {[%clk 00:55:22]}
{[%emt 00:00:04]} 3. Nc3 {[%clk 00:55:23]} {[%emt 00:00:05]} Nf6 {[%clk
00:55:28]} {[%emt 00:00:04]} 4. e5 {[%clk 00:55:29]} {[%emt 00:00:04]} Ne4
{[%clk 00:55:33]} {[%emt 00:00:05]} 5. Nxe4 {[%clk 00:55:21]} {[%emt 00:00:18]}
dxe4 {[%clk 00:55:39]} {[%emt 00:00:04]} 6. Be3 {[%clk 00:53:46]} {[%emt
00:01:45]} b6 {[%clk 00:54:23]} {[%emt 00:01:26]} 7. Ne2 {[%clk 00:51:55]}
{[%emt 00:02:01]} Bb7 {[%clk 00:54:24]} {[%emt 00:00:09]} 8. Ng3 {[%clk
00:51:33]} {[%emt 00:00:31]} Nd7 {[%clk 00:53:47]} {[%emt 00:00:47]} 9. Qg4
{[%clk 00:47:59]} {[%emt 00:03:44]} g6 {[%clk 00:48:25]} {[%emt 00:05:32]} 10.
Nxe4 {[%clk 00:45:32]} {[%emt 00:02:38]} h5 {[%clk 00:47:51]} {[%emt 00:00:44]}
11. Qf3 {[%clk 00:45:40]} {[%emt 00:00:01]} Bxe4 {[%clk 00:44:08]} {[%emt
00:03:54]} 12. Qxe4 {[%clk 00:45:45]} {[%emt 00:00:05]} a6 {[%clk 00:42:51]}
{[%emt 00:01:27]} 13. O-O-O {[%clk 00:42:43]} {[%emt 00:03:11]} c6 {[%clk
00:33:15]} {[%emt 00:09:46]} 14. Qxc6 {[%clk 00:39:12]} {[%emt 00:03:41]} Rc8
{[%clk 00:33:20]} {[%emt 00:00:06]} 15. Qe4 {[%clk 00:39:02]} {[%emt 00:00:20]}
b5 {[%clk 00:33:04]} {[%emt 00:00:26]} 16. d5 {[%clk 00:33:57]} {[%emt
00:05:15]} Qe7 {[%clk 00:31:16]} {[%emt 00:01:57]} 17. d6 {[%clk 00:32:02]}
{[%emt 00:02:05]} Qd8 {[%clk 00:31:18]} {[%emt 00:00:09]} 18. f4 {[%clk
00:27:00]} {[%emt 00:05:12]} Qa5 {[%clk 00:30:52]} {[%emt 00:00:36]} 19. Kb1
{[%clk 00:26:53]} {[%emt 00:00:16]} Bg7 {[%clk 00:30:51]} {[%emt 00:00:11]} 20.
Be2 {[%clk 00:25:00]} {[%emt 00:02:03]} O-O {[%clk 00:28:43]} {[%emt 00:02:18]}
21. h4 {[%clk 00:23:16]} {[%emt 00:01:54]} Nc5 {[%clk 00:28:13]} {[%emt
00:00:41]} 22. Bxc5 {[%clk 00:22:29]} {[%emt 00:00:57]} Rxc5 {[%clk 00:28:15]}
{[%emt 00:00:07]} 23. Qd4 {[%clk 00:20:41]} {[%emt 00:01:59]} Rd5 {[%clk
00:27:49]} {[%emt 00:00:35]} 24. Qe3 {[%clk 00:20:28]} {[%emt 00:00:22]} b4
{[%clk 00:27:03]} {[%emt 00:00:56]} 25. Rxd5 {[%clk 00:19:51]} {[%emt
00:00:48]} Qxd5 {[%clk 00:27:04]} {[%emt 00:00:09]} 26. Rd1 {[%clk 00:19:29]}
{[%emt 00:00:32]} Qc6 {[%clk 00:26:23]} {[%emt 00:00:52]} 27. Bf3 {[%clk
00:19:04]} {[%emt 00:00:34]} Qb5 {[%clk 00:25:38]} {[%emt 00:00:55]} 28. Qa7
{[%clk 00:16:15]} {[%emt 00:03:00]} Bh6 {[%clk 00:23:27]} {[%emt 00:02:20]} 29.
d7 {[%clk 00:15:43]} {[%emt 00:00:42]} Qa5 {[%clk 00:23:05]} {[%emt 00:00:32]}
30. g3 {[%clk 00:14:45]} {[%emt 00:01:08]} Rd8 {[%clk 00:22:40]} {[%emt
00:00:36]} 31. Be2 {[%clk 00:12:04]} {[%emt 00:02:50]} Bf8 {[%clk 00:22:13]}
{[%emt 00:00:37]} 32. Qd4 {[%clk 00:11:33]} {[%emt 00:00:40]} Bc5 {[%clk
00:22:02]} {[%emt 00:00:22]} 33. Qd3 {[%clk 00:10:49]} {[%emt 00:00:54]} Be7
{[%clk 00:21:49]} {[%emt 00:00:24]} 34. g4 {[%clk 00:09:36]} {[%emt 00:01:23]}
hxg4 {[%clk 00:21:32]} {[%emt 00:00:26]} 35. Bxg4 {[%clk 00:09:24]} {[%emt
00:00:22]} Qc5 {[%clk 00:21:13]} {[%emt 00:00:29]} 36. h5 {[%clk 00:08:59]}
{[%emt 00:00:34]} g5 {[%clk 00:21:14]} {[%emt 00:00:10]} 37. fxg5 {[%clk
00:08:19]} {[%emt 00:00:51]} Qxe5 {[%clk 00:19:58]} {[%emt 00:01:26]} 38. g6
{[%clk 00:05:23]} {[%emt 00:03:06]} f5 {[%clk 00:19:45]} {[%emt 00:00:22]} 39.
Bf3 {[%clk 00:05:02]} {[%emt 00:00:31]} Bf6 {[%clk 00:19:47]} {[%emt 00:00:08]}
40. Qb3 {[%clk 00:04:56]} {[%emt 00:00:17]} a5 {[%clk 00:19:18]} {[%emt
00:00:38]} 41. Bc6 {[%clk 00:03:01]} {[%emt 00:02:05]} Qe2 {[%clk 00:18:52]}
{[%emt 00:00:37]} 42. Bf3 {[%clk 00:02:16]} {[%emt 00:00:54]} Qe5 {[%clk
00:18:53]} {[%emt 00:00:09]} 43. Bc6 {[%clk 00:02:26]} {[%emt 00:00:01]} Qe2
{[%clk 00:18:57]} {[%emt 00:00:05]} 44. Rc1 {[%clk 00:02:02]} {[%emt 00:00:34]}
Qe5 {[%clk 00:18:33]} {[%emt 00:00:34]} 45. Ba4 {[%clk 00:01:27]} {[%emt
00:00:46]} Rb8 {[%clk 00:18:04]} {[%emt 00:00:39]} 46. Ka1 {[%clk 00:01:28]}
{[%emt 00:00:08]} Rd8 {[%clk 00:18:08]} {[%emt 00:00:06]} 47. Rb1 {[%clk
00:01:35]} {[%emt 00:00:03]} Rb8 {[%clk 00:18:05]} {[%emt 00:00:13]} 48. Qd3
{[%clk 00:01:39]} {[%emt 00:00:05]} Rd8 {[%clk 00:18:01]} {[%emt 00:00:15]} 49.
Bb3 {[%clk 00:01:44]} {[%emt 00:00:05]} Rb8 {[%clk 00:17:53]} {[%emt 00:00:19]}
50. Qa6 {[%clk 00:00:41]} {[%emt 00:01:12]} Kg7 {[%clk 00:17:34]} {[%emt
00:00:28]} 51. Bxe6 {[%clk 00:00:17]} {[%emt 00:00:34]} Rd8 {[%clk 00:17:03]}
{[%emt 00:00:41]} 52. Bb3 {[%clk 00:00:15]} {[%emt 00:00:13]} Rxd7 {[%clk
00:17:04]} {[%emt 00:00:09]} 53. Qf1 {[%clk 00:00:15]} {[%emt 00:00:08]} Ra7
{[%clk 00:16:50]} {[%emt 00:00:26]} 54. h6+ {[%emt 00:02:17]} Kxh6 {[%clk
00:14:28]} {[%emt 00:00:27]} 55. Qh1+ {[%clk 00:00:17]} {[%emt 00:00:45]} Kxg6
{[%clk 00:14:29]} {[%emt 00:00:08]} 56. Qg1+ {[%clk 00:00:25]} {[%emt
00:00:02]} Bg5 {[%clk 00:14:26]} {[%emt 00:00:13]} 57. Qxa7 {[%clk 00:00:32]}
{[%emt 00:00:02]} Be3 {[%clk 00:14:22]} {[%emt 00:00:15]} 58. Qf7+ {[%clk
00:00:38]} {[%emt 00:00:04]} Kg5 {[%clk 00:14:26]} {[%emt 00:00:07]} 59. Qg8+
{[%clk 00:00:40]} {[%emt 00:00:08]} Kf4 {[%clk 00:14:03]} {[%emt 00:00:33]} 60.
Qg2 {[%clk 00:00:45]} {[%emt 00:00:04]} Qe4 {[%clk 00:14:01]} {[%emt 00:00:12]}
61. Rf1+ {[%clk 00:00:42]} {[%emt 00:00:11]} Ke5 {[%clk 00:14:04]} {[%emt
00:00:09]} 62. Qg7+ {[%clk 00:00:50]} Kd6 {[%clk 00:13:57]} {[%emt 00:00:18]}
63. Rd1+ {[%clk 00:00:59]} {[%emt 00:00:01]} Kc5 {[%clk 00:13:38]} {[%emt
00:00:30]} 64. Qc7+ {[%clk 00:00:59]} {[%emt 00:00:09]} Kb5 {[%clk 00:13:29]}
{[%emt 00:00:19]} 65. Rd5+ {[%clk 00:00:51]} {[%emt 00:00:18]} Qxd5 {[%clk
00:13:34]} {[%emt 00:00:06]} 66. Bxd5 {[%clk 00:00:58]} {[%emt 00:00:02]} a4
{[%clk 00:13:18]} {[%emt 00:00:26]} 67. Bc4# {[%clk 00:01:03]} {[%emt
00:00:05]} 1-0

[Event "ABC 2024 Utrecht, Groep B"]
[Site "Utrecht"]
[Date "2024.03.09"]
[Round "4.3"]
[White "De Wit, Evan"]
[Black "Ramdien, Steven"]
[Result "1-0"]
[WhiteElo "1892"]
[BlackElo "1794"]

1. d4 {[%clk 00:55:15]} {[%emt 00:00:04]} Nf6 {[%clk 00:55:14]} {[%emt
00:00:06]} 2. c4 {[%clk 00:55:20]} {[%emt 00:00:05]} e6 {[%clk 00:55:16]}
{[%emt 00:00:09]} 3. Nc3 {[%clk 00:55:29]} {[%emt 00:00:01]} d5 {[%clk
00:55:18]} {[%emt 00:00:08]} 4. g3 {[%clk 00:55:21]} {[%emt 00:00:17]} Be7
{[%clk 00:54:59]} {[%emt 00:00:29]} 5. Bg2 {[%clk 00:55:25]} {[%emt 00:00:06]}
O-O {[%clk 00:54:34]} {[%emt 00:00:35]} 6. Nf3 {[%clk 00:55:31]} {[%emt
00:00:04]} c5 {[%clk 00:53:52]} {[%emt 00:00:52]} 7. cxd5 {[%clk 00:53:49]}
{[%emt 00:01:52]} exd5 {[%clk 00:53:36]} {[%emt 00:00:27]} 8. O-O {[%clk
00:53:49]} {[%emt 00:00:09]} Nc6 {[%clk 00:52:22]} {[%emt 00:01:24]} 9. dxc5
{[%clk 00:52:17]} {[%emt 00:01:42]} Bxc5 {[%clk 00:50:50]} {[%emt 00:01:41]} 10.
Bg5 {[%clk 00:49:15]} {[%emt 00:03:13]} d4 {[%clk 00:49:11]} {[%emt 00:01:49]}
11. Ne4 {[%clk 00:48:49]} {[%emt 00:00:36]} Be7 {[%clk 00:49:15]} {[%emt
00:00:06]} 12. Nxf6+ {[%clk 00:48:21]} {[%emt 00:00:39]} Bxf6 {[%clk 00:49:02]}
{[%emt 00:00:23]} 13. Bxf6 {[%clk 00:48:28]} {[%emt 00:00:03]} Qxf6 {[%clk
00:48:55]} {[%emt 00:00:17]} 14. Nd2 {[%clk 00:47:12]} {[%emt 00:01:25]} Bf5
{[%clk 00:47:18]} {[%emt 00:01:46]} 15. Qb3 {[%clk 00:47:14]} {[%emt 00:00:10]}
Rab8 {[%clk 00:42:05]} {[%emt 00:05:21]} 16. a3 {[%emt 00:05:08]} Rfe8 {[%clk
00:39:20]} {[%emt 00:02:03]} 17. Rfe1 {[%clk 00:40:53]} {[%emt 00:02:25]} h6
{[%clk 00:37:10]} {[%emt 00:02:22]} 18. Rac1 {[%clk 00:40:45]} {[%emt
00:00:17]} a6 {[%clk 00:35:48]} {[%emt 00:01:33]} 19. Qb6 {[%clk 00:38:57]}
{[%emt 00:01:58]} Bg6 {[%clk 00:30:36]} {[%emt 00:05:21]} 20. b4 {[%clk
00:38:05]} {[%emt 00:01:02]} Rec8 {[%clk 00:23:26]} {[%emt 00:07:20]} 21. Nb3
{[%clk 00:36:44]} {[%emt 00:01:31]} Bf5 {[%clk 00:20:28]} {[%emt 00:03:08]} 22.
Bxc6 {[%clk 00:34:13]} {[%emt 00:02:41]} bxc6 {[%clk 00:20:14]} {[%emt
00:00:24]} 23. Qxd4 {[%clk 00:33:56]} {[%emt 00:00:27]} Qe7 {[%clk 00:19:00]}
{[%emt 00:01:23]} 24. Na5 {[%clk 00:32:39]} {[%emt 00:01:28]} Qe6 {[%clk
00:17:19]} {[%emt 00:01:51]} 25. Qc4 {[%clk 00:31:19]} {[%emt 00:01:30]} Qxc4
{[%clk 00:16:42]} {[%emt 00:00:47]} 26. Nxc4 {[%clk 00:31:11]} {[%emt
00:00:19]} Rc7 {[%clk 00:16:13]} {[%emt 00:00:38]} 27. Na5 {[%clk 00:31:14]}
{[%emt 00:00:08]} Rbc8 {[%clk 00:16:00]} {[%emt 00:00:22]} 28. Rc5 {[%clk
00:31:21]} {[%emt 00:00:03]} Bd7 {[%clk 00:15:05]} {[%emt 00:01:04]} 29. Rec1
{[%clk 00:31:30]} {[%emt 00:00:02]} Kf8 {[%clk 00:14:38]} {[%emt 00:00:36]} 30.
Nc4 {[%clk 00:31:18]} {[%emt 00:00:22]} Rb8 {[%clk 00:13:54]} {[%emt 00:00:53]}
31. Ne5 {[%clk 00:31:07]} {[%emt 00:00:19]} Be8 {[%clk 00:13:38]} {[%emt
00:00:28]} 32. Kg2 {[%clk 00:29:48]} {[%emt 00:01:31]} g6 {[%clk 00:12:08]}
{[%emt 00:01:39]} 33. Kf3 {[%clk 00:27:31]} {[%emt 00:02:27]} Kg7 {[%clk
00:11:15]} {[%emt 00:01:01]} 34. Nxc6 {[%clk 00:27:12]} {[%emt 00:00:33]} Rb5
{[%clk 00:09:22]} {[%emt 00:02:00]} 35. Nd4 {[%clk 00:26:32]} {[%emt 00:00:50]}
Rbxc5 {[%clk 00:09:09]} {[%emt 00:00:25]} 36. Rxc5 {[%clk 00:26:32]} {[%emt
00:00:10]} Rxc5 {[%clk 00:09:01]} {[%emt 00:00:18]} 37. bxc5 {[%clk 00:26:34]}
{[%emt 00:00:07]} Kf6 {[%clk 00:08:39]} {[%emt 00:00:33]} 38. Ke4 {[%clk
00:26:33]} {[%emt 00:00:11]} Ke7 {[%clk 00:08:07]} {[%emt 00:00:42]} 39. Kd5
{[%clk 00:25:53]} {[%emt 00:00:49]} Bd7 {[%clk 00:07:19]} {[%emt 00:00:59]} 40.
c6 {[%clk 00:25:37]} {[%emt 00:00:26]} Bc8 {[%clk 00:07:20]} {[%emt 00:00:08]}
41. Kc5 {[%clk 00:25:02]} {[%emt 00:00:45]} f5 {[%clk 00:06:38]} {[%emt
00:00:53]} 42. Kb6 {[%clk 00:24:21]} {[%emt 00:00:51]} Kd6 {[%clk 00:06:03]}
{[%emt 00:00:44]} 43. Nb3 {[%clk 00:24:23]} {[%emt 00:00:09]} g5 {[%clk
00:05:18]} {[%emt 00:00:55]} 44. Nc5 {[%clk 00:24:28]} {[%emt 00:00:05]} a5
{[%clk 00:05:22]} {[%emt 00:00:07]} 45. Nb7 {[%clk 00:24:27]} {[%emt 00:00:09]}
Kd5 {[%clk 00:05:02]} {[%emt 00:00:30]} 46. Kc7 {[%clk 00:24:21]} {[%emt
00:00:17]} a4 {[%clk 00:04:07]} {[%emt 00:01:06]} 47. Kxc8 {[%clk 00:24:18]}
{[%emt 00:00:11]} Kxc6 {[%clk 00:04:05]} {[%emt 00:00:12]} 48. f3 {[%clk
00:23:25]} {[%emt 00:01:04]} Kd5 {[%clk 00:03:46]} {[%emt 00:00:27]} 49. Kd7
{[%clk 00:23:12]} {[%emt 00:00:25]} f4 {[%clk 00:02:45]} {[%emt 00:01:11]} 50.
gxf4 {[%clk 00:20:53]} {[%emt 00:02:29]} gxf4 {[%clk 00:02:53]} {[%emt
00:00:02]} 51. Ke7 {[%clk 00:20:10]} {[%emt 00:00:53]} Kd4 {[%clk 00:01:28]}
{[%emt 00:01:36]} 52. Kf6 {[%clk 00:20:12]} {[%emt 00:00:07]} Ke3 {[%clk
00:00:57]} {[%emt 00:00:41]} 53. Kf5 {[%clk 00:20:20]} {[%emt 00:00:02]} h5
{[%clk 00:01:03]} {[%emt 00:00:04]} 54. h4 {[%clk 00:20:24]} {[%emt 00:00:06]}
Kxe2 {[%clk 00:01:04]} {[%emt 00:00:09]} 55. Kxf4 {[%clk 00:20:29]} {[%emt
00:00:05]} 1-0

[Event "ABC 2024 Utrecht, Groep B"]
[Site "Utrecht"]
[Date "2024.03.09"]
[Round "4.4"]
[White "Anssems, Gyan"]
[Black "Blok, Xaveer"]
[Result "1/2-1/2"]
[WhiteElo "1798"]
[BlackElo "1884"]

1. e4 {[%clk 00:55:16]} {[%emt 00:00:03]} c5 {[%clk 00:55:16]} {[%emt
00:00:04]} 2. c3 {[%clk 00:55:25]} {[%emt 00:00:02]} d5 {[%clk 00:55:20]}
{[%emt 00:00:06]} 3. exd5 {[%clk 00:55:30]} {[%emt 00:00:06]} Qxd5 {[%clk
00:55:25]} {[%emt 00:00:04]} 4. d4 {[%clk 00:55:38]} {[%emt 00:00:02]} Nf6
{[%clk 00:55:25]} {[%emt 00:00:10]} 5. Nf3 {[%clk 00:55:42]} {[%emt 00:00:07]}
Bg4 {[%clk 00:55:22]} {[%emt 00:00:12]} 6. Be2 {[%clk 00:55:46]} {[%emt
00:00:06]} e6 {[%clk 00:55:00]} {[%emt 00:00:32]} 7. h3 {[%emt 00:00:47]} Bh5 8.
Na3 {[%clk 00:55:11]} {[%emt 00:00:18]} Nc6 {[%clk 00:53:22]} {[%emt 00:01:48]}
9. Nb5 {[%clk 00:52:01]} {[%emt 00:03:20]} Qd8 {[%clk 00:48:36]} {[%emt
00:04:55]} 10. Bf4 {[%clk 00:51:56]} {[%emt 00:00:16]} Nd5 {[%clk 00:47:05]}
{[%emt 00:01:41]} 11. Bg3 {[%clk 00:51:07]} {[%emt 00:00:58]} a6 {[%clk
00:46:39]} {[%emt 00:00:37]} 12. Na3 {[%clk 00:49:33]} {[%emt 00:01:44]} cxd4
{[%clk 00:45:03]} {[%emt 00:01:46]} 13. Nxd4 {[%clk 00:48:26]} {[%emt
00:01:17]} Bxe2 {[%clk 00:45:06]} {[%emt 00:00:07]} 14. Nxe2 {[%clk 00:47:24]}
{[%emt 00:01:11]} Bxa3 {[%clk 00:44:21]} {[%emt 00:00:55]} 15. bxa3 {[%clk
00:47:32]} {[%emt 00:00:03]} b5 {[%clk 00:43:19]} {[%emt 00:01:12]} 16. O-O
{[%clk 00:46:53]} {[%emt 00:00:49]} O-O {[%clk 00:43:05]} {[%emt 00:00:24]} 17.
a4 {[%clk 00:46:59]} {[%emt 00:00:05]} Qf6 {[%clk 00:39:50]} {[%emt 00:03:24]}
18. axb5 {[%clk 00:46:11]} {[%emt 00:00:58]} axb5 {[%emt 00:00:59]} 19. Qb3
{[%emt 00:03:35]} Rfc8 {[%clk 00:36:41]} {[%emt 00:01:20]} 20. Qxb5 {[%clk
00:41:19]} {[%emt 00:02:47]} Nxc3 {[%clk 00:35:52]} {[%emt 00:00:59]} 21. Nxc3
{[%clk 00:41:17]} {[%emt 00:00:12]} Qxc3 {[%clk 00:35:49]} {[%emt 00:00:12]} 22.
Rfc1 {[%clk 00:41:19]} {[%emt 00:00:09]} Nd4 {[%emt 00:02:41]} 23. Rxc3 {[%clk
00:40:41]} {[%emt 00:00:07]} Nxb5 24. Rxc8+ {[%emt 00:00:21]} Rxc8 {[%clk
00:34:06]} {[%emt 00:00:02]} 25. a4 {[%emt 00:00:55]} Nd4 {[%emt 00:00:27]} 26.
Ra2 {[%emt 00:01:01]} Ra8 {[%emt 00:00:10]} 27. a5 {[%emt 00:01:38]} Ra6 {[%emt
00:01:37]} 28. Rd2 {[%emt 00:01:13]} Nc6 {[%clk 00:29:56]} {[%emt 00:00:02]} 29.
Bc7 {[%clk 00:38:47]} {[%emt 00:00:31]} Kf8 {[%clk 00:28:30]} {[%emt 00:01:35]}
30. Rd6 {[%clk 00:38:26]} {[%emt 00:00:32]} Ke7 {[%clk 00:28:14]} {[%emt
00:00:25]} 31. Rd3 {[%clk 00:37:26]} {[%emt 00:01:11]} Nb4 {[%clk 00:26:33]}
{[%emt 00:01:47]} 32. Rb3 {[%clk 00:36:48]} {[%emt 00:00:52]} Nd5 {[%clk
00:25:52]} {[%emt 00:00:51]} 33. Bb6 {[%clk 00:36:37]} {[%emt 00:00:21]} Kd7
{[%clk 00:24:31]} {[%emt 00:01:31]} 34. Bd4 {[%clk 00:35:37]} {[%emt 00:01:10]}
Rxa5 {[%clk 00:19:11]} {[%emt 00:05:30]} 35. Rb7+ {[%clk 00:34:48]} {[%emt
00:00:59]} Nc7 {[%clk 00:17:04]} {[%emt 00:02:16]} 1/2-1/2